Učitelia a škola musia mať veľkú spoločenskú dôveru! (stretli sme sa s fínskou ministerkou školstva a vedy Kristou Kiuru)

Bibliographic Details
Main Author: Pajtinka, Ľubomír, 1955- (Author)
Format: Article
Language:Slovak
PhysicalDescription:Fotogr.
ISSN:0231-6463
Subjects:

MARC

LEADER 00000nab a2200000 a 4500
001 vtls010586822
003 SK-MaSNL
005 20260304041206.0
008 140417c2014 xo mr|p|||| |000 b|slo
015 |a SNBRB2014/04 
038 |a SPK 
040 |a SPKCL  |b slo  |c AACR2  |e AACR2 
041 0 |a slo 
044 |a xo  |c SK 
072 7 |a 371  |x Školstvo (organizácia)  |2 konspekt 
072 7 |a 37.014  |x Vzdelávacia a výchovná politika  |2 konspekt 
080 |a 371  |x (480)  |2 2001 
080 |a 37.014  |2 2001 
100 1 |a Pajtinka, Ľubomír,  |d 1955-  |4 aut  |9 107309 
245 1 0 |a Učitelia a škola musia mať veľkú spoločenskú dôveru!  |b (stretli sme sa s fínskou ministerkou školstva a vedy Kristou Kiuru)  |c Ľubomír Pajtinka 
300 |b Fotogr. 
600 1 7 |a Kiuru, Krista  |2 snkbucl  |9 1322877 
650 0 7 |a školstvo  |2 snkbucl  |9 19712 
650 0 7 |a ministerky školstva  |2 snkbucl  |9 167929 
650 0 7 |a školská politika  |2 snkbucl  |9 3200 
650 0 7 |a učiteľský status  |2 snkbucl  |9 1089896 
651 7 |a Fínsko  |2 snkbucl  |9 20176 
773 0 |t Rodina a škola  |g Roč. 62, č. 3 (2014), s. 12-14  |x 0231-6463 
852 |a SPK  |b KIS3GCP 
999 |c 2667086  |d 2669016